Islam: A Short History (Record no. 20041)

MARC details
000 -LEADER
fixed length control field 00310nam a22001337a 4500
020 ## - INTERNATIONAL STANDARD BOOK NUMBER
ISBN 9780812966183
082 ## - DEWEY DECIMAL CLASSIFICATION NUMBER
Classification number 297.09 ARM
100 ## - MAIN ENTRY--AUTHOR NAME
Author name Armstrong, Karen
245 ## - TITLE STATEMENT
Title Islam: A Short History
260 ## - PUBLICATION, DISTRIBUTION, ETC. (IMPRINT)
Place of publication NY
Name of publisher Modern Library Chronicles Book
Year of publication 2002
300 ## - PHYSICAL DESCRIPTION
Number of Pages 230
650 ## - SUBJECT ADDED ENTRY--TOPICAL TERM
Topical Term Islam History
942 ## - ADDED ENTRY ELEMENTS (KOHA)
Koha item type Books
Holdings
Home library Current library Date acquired Source of acquisition Cost, normal purchase price Full call number Accession Number Koha item type
Henry Martyn Institute Library Henry Martyn Institute Library 04/11/2016 Flipkart 399.00 297.09 ARM 25064 Books
Henry Martyn Institute Library Henry Martyn Institute Library 04/11/2016 Flipkart 399.00 297.09 ARM 25070 Books
                   Copyright © 2026 | Henry Martyn Institute | Hyderabad | TS-500052 | INDIA | Implemented by hmi.edu.in
Hit-Count:

Powered by Koha